• 首页
  • 本馆介绍
  • 公告通知
  • 最新文献
  • 馆藏检索
  • 电子资源
  • 读者导购
  • 参考咨询
  • 我的图书馆
  • 登录
  • 详细信息显示
  • 放入我的书架
  • 预约/预借图书
  • 作者相关作品
  • 分类相关作品
  • 丛书相关作品
  • 出版社相关作品

书目信息

  • 表格格式
  • 工作单格式
  • 卡片格式
题名:
网上创业实务
    
 
作者: 史达 主编
分册:  
出版信息: 大连   东北财经大学出版社  2021.3
页数: 325页
开本: 23cm
丛书名:
单 册:
中图分类: F713.36 , TP393.409.2
科图分类:
主题词: 电子商务--dian zi shang wu--网站--高等学校--教材
电子资源:
ISBN: 978-7-5654-4153-0
000 00981nam0 2200277 450
001 2131752630
005 20211003090354.77
010    @a978-7-5654-4153-0@dCNY45.00
100    @a20210411d2021 em y0chiy0120 ea
101 0  @achi
102    @aCN@b210000
105    @aa z 000yy
106    @ar
200 1  @a网上创业实务@Awang shang chuang ye shi wu@dOnline business@f史达主编@zeng
205    @a4版
210    @a大连@c东北财经大学出版社@d2021.3
215    @a325页@c图@d23cm
300    @a21世纪高等院校电子商务教育系列教材
330    @a本书共十一章,内容包括:网上创业概述、利用第三方平台网上开店、自建网店开店、其他网络创业项目、网店的推广、网络创业的资金流管理与物流管理、网络营销产品与定价等。
510 1  @aOnline business@zeng
606 0  @a电子商务@Adian zi shang wu@x网站@x高等学校@j教材
690    @aF713.36@v5
690    @aTP393.409.2@v5
701  0 @a史达@Ashi da@c(网络营销)@4主编
801  0 @aCN@b百万庄@c20210929
905    @b1303834-37@dF713.36@e1178=4@f4
    
    网上创业实务=Online business/史达主编.-4版.-大连:东北财经大学出版社,2021.3
    325页:图;23cm
    21世纪高等院校电子商务教育系列教材
    
    ISBN 978-7-5654-4153-0:CNY45.00
    本书共十一章,内容包括:网上创业概述、利用第三方平台网上开店、自建网店开店、其他网络创业项目、网店的推广、网络创业的资金流管理与物流管理、网络营销产品与定价等。
●
相关链接 在E读中查询图书 在五车中查询图书 在当当中查询图书 在豆瓣中查询图书


正题名:网上创业实务     索取号:F713.36/1178=4         预约/预借

序号 登录号 条形码 馆藏地/架位号 状态 备注
1 1303834   213038345   第一样本阅览室/ [索取号:F713.36/1178=4] 在馆    
2 1303835   213038354   第一借阅区/ [索取号:F713.36/1178=4] 在馆    
3 1303836   213038363   第一借阅区/ [索取号:F713.36/1178=4] 在馆    
4 1303837   213038372   第一借阅区/ [索取号:F713.36/1178=4] 在馆    
唐山师范学院图书馆 欢迎您!
大连网信软件有限公司© 版权所有